Vývoj kombinované přepravy

Kombinovaná preprava v Českej republike využívaná od začiatku 70. rokov minulého storočia. Kombinovaná preprava založená na spolupráci cestnej a železničnej dopravy. Objemy kombinovanej prepravy (2000-2010). Pozitívny vývoj v kombinovanej preprave. Využívanie prepravných jednotiek.

Salvato in:
Dettagli Bibliografici
Autore principale: Novák, Ivan
Natura: Capitolo di libro
Lingua:ceco
Soggetti:
Tags: Aggiungi Tag
Nessun Tag, puoi essere il primo ad aggiungerne!!

MARC

LEADER 00000naa a2200000 4500
001 0144243
005 20231129095920.4
041 0 |a cze 
044 |a CZ 
245 1 0 |a Vývoj kombinované přepravy  |c Ivan Novák 
520 |a Kombinovaná preprava v Českej republike využívaná od začiatku 70. rokov minulého storočia. Kombinovaná preprava založená na spolupráci cestnej a železničnej dopravy. Objemy kombinovanej prepravy (2000-2010). Pozitívny vývoj v kombinovanej preprave. Využívanie prepravných jednotiek. 
610 2 0 |a doprava nákladná 
610 2 0 |a doprava cestná nákladná 
610 2 0 |a doprava železničná nákladná 
610 2 0 |a doprava kombinovaná 
610 2 0 |a doprava kontajnerová 
610 2 0 |a Česko 
100 1 |a Novák, Ivan